000 00321nam a2200145Ia 4500
003 OSt
005 20240326154549.0
008 170523s9999 xx 000 0 und d
020 _aNIL
040 _cIIMTU MEERUT
100 _aFINHEHSTERN
245 0 _aBUILDING CORPORATE
260 _bTATA MC GRAW HILL
942 _2ddc
_c02
999 _c1977
_d1977